000 00710nam a2200229Ia 4500
003 BUBTL
008 151213s9999 xx 000 0 und d
020 _a0-395-79084-0
082 _a174.4/FEB
100 _aO. C. Ferrelll & John Fraderich
_93791
245 _aBusiness ethics : Ethical Decision Making & Cases
_cO. C. Ferrelll & John Fraderich
250 _a3rd
260 _aBoston New York
_bHonghton Mittlin
_c1997
300 _a[xix] , 356p . :
_bill . ; 23cm.
500 _aIncludes Index
650 _aBusiness
_93792
650 _aBusiness Ethics
_91262
700 _aO. C. Ferrelll & John Fraderich
_93791
856 _k0
_l0
_yDownload
942 _2ddc
_cBK
999 _c2019
_d2019